[Event "4. Open Stadium Casablanca"]
[Site "Zaragoza ESP"]
[Date "2010.12.28"]
[Round "6.5"]
[White "Guramishvili, Sopiko"]
[Black "Corrales Jimenez, Fidel"]
[Result "0-1"]
[WhiteElo "2319"]
[BlackElo "2597"]
[PlyCount "82"]
[EventDate "2010.12.23"]
[EventRounds "9"]
[EventCountry "ESP"]
[Source "lmi"]
[SourceDate "2010.12.23"]

1. Nf3 c5 2. c4 Nc6 3. g3 e5 4. Nc3 g6 5. Bg2 Bg7 6. O-O Nge7 7. Ne1 a6 8. Nc2
Rb8 9. a4 O-O 10. Ne3 d6 11. d3 Nd4 12. Ned5 Nxd5 13. Nxd5 Bg4 14. Re1 b5 15.
axb5 axb5 16. Ra7 Kh8 17. h3 Bd7 18. b3 f5 19. e3 Nc6 20. Ra2 Be6 21. Bd2 Qd7
22. Kh2 bxc4 23. bxc4 e4 24. Nf4 Nb4 25. Bxb4 cxb4 26. Qb3 Rfc8 27. Rc1 exd3
28. Nxe6 Qxe6 29. Rd2 g5 30. Rxd3 f4 31. exf4 gxf4 32. Rc2 Be5 33. Bd5 fxg3+
34. fxg3 Qg6 35. Re2 Rc7 36. Rf3 Ra7 37. Ref2 Ra3 38. Rf8+ Kg7 39. Rxb8 Bxg3+
40. Kh1 Ra1+ 41. Kg2 Be5+ 0-1

[Event "4. Open Stadium Casablanca"]
[Site "Zaragoza ESP"]
[Date "2010.12.28"]
[Round "6.6"]
[White "Lopez Gracia, Fernando"]
[Black "Adla, Diego"]
[Result "1/2-1/2"]
[WhiteElo "2319"]
[BlackElo "2511"]
[PlyCount "23"]
[EventDate "2010.12.23"]
[EventRounds "9"]
[EventCountry "ESP"]
[Source "lmi"]
[SourceDate "2010.12.23"]

1. d4 d5 2. c4 c6 3. cxd5 cxd5 4. Nc3 Nf6 5. Bf4 Nc6 6. e3 e6 7. Bd3 Bd6 8.
Bxd6 Qxd6 9. Nf3 O-O 10. O-O Bd7 11. Rc1 Rfc8 12. Qe2 1/2-1/2

[Event "4. Open Stadium Casablanca"]
[Site "Zaragoza ESP"]
[Date "2010.12.28"]
[Round "6.7"]
[White "Chueca Forcen, Alberto"]
[Black "Antoli Royo, Joaquin Miguel"]
[Result "1/2-1/2"]
[WhiteElo "2304"]
[BlackElo "2439"]
[PlyCount "121"]
[EventDate "2010.12.23"]
[EventRounds "9"]
[EventCountry "ESP"]
[Source "lmi"]
[SourceDate "2010.12.23"]

1. f4 c5 2. Nf3 g6 3. g3 Bg7 4. Bg2 Nc6 5. O-O Nf6 6. d3 d5 7. c3 d4 8. e4 dxe3
9. Bxe3 Qa5 10. h3 Qb5 11. Na3 Qxb2 12. Nc4 Qb5 13. a4 Qa6 14. Nfe5 Nxe5 15.
Nxe5 Qd6 16. Qb3 O-O 17. Qc4 Be6 18. Bxc5 Qc7 19. Qb4 Bd5 20. Bxe7 Bxg2 21.
Kxg2 Nd5 22. Qc5 Qxc5 23. Bxc5 Rfc8 24. Bd4 Nxc3 25. Rfc1 Ne2 26. Rxc8+ Rxc8
27. Bxa7 Rc2 28. Kf3 f6 29. Nc4 Nc1 30. Ne3 Rc3 31. Rb1 Nb3 32. Ke2 f5 33. g4
Nc1+ 34. Kd2 Nb3+ 35. Ke2 Nc1+ 36. Kf3 Nb3 37. Rd1 Rc6 38. gxf5 Ra6 39. Bb8
Nd4+ 40. Kg3 Rxa4 41. fxg6 hxg6 42. Be5 Bxe5 43. fxe5 b5 44. Nd5 Kf7 45. Rb1 g5
46. Nc3 Ra3 47. Nxb5 Rxd3+ 48. Kg4 Nxb5 49. Rxb5 Ke6 50. Rb6+ Kxe5 51. Rg6 Ra3
52. Rxg5+ Kf6 53. h4 Ra4+ 54. Kh5 Kf7 55. Rb5 Kg7 56. Kg5 Ra7 57. h5 Kh7 58. h6
Rc7 59. Kh5 Ra7 60. Kg5 Rc7 61. Kh5 1/2-1/2

[Event "4. Open Stadium Casablanca"]
[Site "Zaragoza ESP"]
[Date "2010.12.28"]
[Round "6.8"]
[White "Oms Pallisse, Josep"]
[Black "Estremera Panos, Sergio"]
[Result "1/2-1/2"]
[WhiteElo "2528"]
[BlackElo "2352"]
[PlyCount "82"]
[EventDate "2010.12.23"]
[EventRounds "9"]
[EventCountry "ESP"]
[Source "lmi"]
[SourceDate "2010.12.23"]

1. c4 Nf6 2. Nc3 e6 3. e4 c5 4. e5 Ng8 5. Nf3 Nc6 6. d4 cxd4 7. Nxd4 Nxe5 8.
Ndb5 a6 9. Nd6+ Bxd6 10. Qxd6 f6 11. Be3 Ne7 12. Bb6 Nf5 13. Qb4 Qe7 14. Qxe7+
Kxe7 15. f4 Ng6 16. g3 d6 17. Bd3 Bd7 18. O-O-O Kf7 19. Bxf5 exf5 20. Rxd6 Bc6
21. Re1 Rhe8 22. Rdd1 Nf8 23. b3 Rxe1 24. Rxe1 Re8 25. Rxe8 Kxe8 26. Kd2 Kd7
27. b4 Ne6 28. b5 Bg2 29. Be3 Kd6 30. Nd1 axb5 31. cxb5 Kd5 32. a4 Kc4 33. Nb2+
Kb3 34. Kc1 Bf1 35. Bb6 g6 36. Be3 g5 37. b6 Ba6 38. a5 Kc3 39. Nd1+ Kc4 40.
Nb2+ Kc3 41. Nd1+ Kd3 1/2-1/2

[Event "4. Open Stadium Casablanca"]
[Site "Zaragoza ESP"]
[Date "2010.12.28"]
[Round "6.9"]
[White "Iagar, Razvan-Gabriel"]
[Black "Garza Marco, Sergio"]
[Result "1/2-1/2"]
[WhiteElo "2054"]
[BlackElo "2442"]
[PlyCount "135"]
[EventDate "2010.12.23"]
[EventRounds "9"]
[EventCountry "ESP"]
[Source "lmi"]
[SourceDate "2010.12.23"]

1. d4 d6 2. c4 e5 3. Nf3 e4 4. Nfd2 f5 5. e3 Nf6 6. Be2 c5 7. Nb3 Nc6 8. dxc5
dxc5 9. Qxd8+ Kxd8 10. Bd2 Be6 11. Na5 Kc7 12. Nxc6 Kxc6 13. Bc3 Be7 14. Nd2
Rhd8 15. O-O-O Rd7 16. Nb1 a6 17. a4 g6 18. h3 h5 19. Kc2 h4 20. b3 g5 21. Be5
Rad8 22. Nc3 Rxd1 23. Rxd1 Rxd1 24. Bxd1 Nd7 25. Bg7 Bf6 26. Bxf6 Nxf6 27. f3
Kd6 28. fxe4 fxe4 29. Kd2 Ke5 30. Be2 Kf5 31. Ke1 Kg6 32. Bd1 Kf5 33. Be2 Ke5
34. Kd2 Bf5 35. Ke1 Kd6 36. Kd2 Kc6 37. Kc1 Kb6 38. Kb2 Ka5 39. Kc1 Bd7 40. Kb2
Bc6 41. Bd1 Kb6 42. Kc1 Kc7 43. Kd2 Kd6 44. Ke1 Nd7 45. Bc2 Ke5 46. Bd1 Kf6 47.
Kd2 Ne5 48. Be2 Kf5 49. Ke1 Ke6 50. Kd2 Kd6 51. Bd1 Nd3 52. Be2 Ke5 53. Bh5 Nf2
54. Ke1 Nh1 55. Kd2 Ng3 56. Bg4 Kd6 57. Ke1 Kc7 58. Kd2 Kb6 59. Nd1 Ka5 60. Kc3
b5 61. axb5 axb5 62. Be6 Be8 63. Nf2 bxc4 64. Kxc4 Kb6 65. Kd5 Nf1 66. Kxe4
Bc6+ 67. Kf5 Nxe3+ 68. Kxg5 1/2-1/2

[Event "4. Open Stadium Casablanca"]
[Site "Zaragoza ESP"]
[Date "2010.12.28"]
[Round "6.10"]
[White "Gonzalez Perez, Arian"]
[Black "Najera De Miguel, Pedro Jesus"]
[Result "1-0"]
[WhiteElo "2435"]
[BlackElo "2020"]
[PlyCount "76"]
[EventDate "2010.12.23"]
[EventRounds "9"]
[EventCountry "ESP"]
[Source "lmi"]
[SourceDate "2010.12.23"]

1. Nf3 c5 2. g3 Nc6 3. Bg2 g6 4. O-O Bg7 5. c4 d6 6. Nc3 e5 7. d3 Nge7 8. Bg5
h6 9. Bxe7 Nxe7 10. Ne1 O-O 11. Nc2 Rb8 12. Rb1 b6 13. b4 Bb7 14. Bxb7 Rxb7 15.
bxc5 dxc5 16. Ne3 Qd7 17. Ned5 Nc6 18. Qa4 Kh7 19. Kg2 f5 20. Qa6 Rf7 21. f3 h5
22. Qb5 Rb8 23. Rb3 Rbf8 24. Ra3 Bh6 25. Rxa7 Qxa7 26. Qxc6 Bd2 27. Na4 e4 28.
dxe4 fxe4 29. f4 Qa6 30. Naxb6 Qxa2 31. Nd7 Ra8 32. Ne5 Rg7 33. f5 Qa6 34.
fxg6+ Rxg6 35. Rf7+ Kh6 36. Qd7 Rh8 37. Nxg6 Qxc4 38. Nxh8 Qxe2+ 1-0

[Event "4. Open Stadium Casablanca"]
[Site "Zaragoza ESP"]
[Date "2010.12.29"]
[Round "7.1"]
[White "Kogan, Artur"]
[Black "Cifuentes Parada, Roberto"]
[Result "1/2-1/2"]
[WhiteElo "2535"]
[BlackElo "2508"]
[PlyCount "28"]
[EventDate "2010.12.23"]
[EventRounds "9"]
[EventCountry "ESP"]
[Source "lmi"]
[SourceDate "2010.12.23"]

1. e4 d6 2. Nc3 e5 3. Bc4 Nf6 4. d3 Nc6 5. a4 Be7 6. Nge2 O-O 7. O-O Be6 8. Ng3
d5 9. exd5 Nxd5 10. Bxd5 Bxd5 11. f4 exf4 12. Bxf4 Be6 13. Nb5 Rc8 14. c3 Qd7
1/2-1/2

[Event "4. Open Stadium Casablanca"]
[Site "Zaragoza ESP"]
[Date "2010.12.29"]
[Round "7.2"]
[White "Corrales Jimenez, Fidel"]
[Black "Korneev, Oleg"]
[Result "1/2-1/2"]
[WhiteElo "2597"]
[BlackElo "2582"]
[PlyCount "53"]
[EventDate "2010.12.23"]
[EventRounds "9"]
[EventCountry "ESP"]
[Source "lmi"]
[SourceDate "2010.12.23"]

1. e4 e5 2. Nf3 Nc6 3. Bb5 Nf6 4. O-O Nxe4 5. d4 Nd6 6. Bxc6 dxc6 7. dxe5 Nf5
8. Qxd8+ Kxd8 9. Nc3 Ke8 10. h3 h5 11. Ne4 Be6 12. Re1 Be7 13. b3 a5 14. Bb2 a4
15. Nfg5 Bxg5 16. Nxg5 c5 17. Nxe6 fxe6 18. Re4 axb3 19. cxb3 Rd8 20. Rc4 b6
21. b4 Rd2 22. Rb1 Rf8 23. bxc5 Ne3 24. fxe3 Rff2 25. cxb6 Rxg2+ 26. Kh1 Rh2+
27. Kg1 1/2-1/2

[Event "4. Open Stadium Casablanca"]
[Site "Zaragoza ESP"]
[Date "2010.12.29"]
[Round "7.3"]
[White "Forcen Esteban, Daniel"]
[Black "Matnadze, Ana"]
[Result "1-0"]
[WhiteElo "2367"]
[BlackElo "2410"]
[PlyCount "105"]
[EventDate "2010.12.23"]
[EventRounds "9"]
[EventCountry "ESP"]
[Source "lmi"]
[SourceDate "2010.12.23"]

1. e4 c5 2. Nf3 d6 3. d4 cxd4 4. Nxd4 Nf6 5. Nc3 Nc6 6. Bg5 e6 7. Qd2 Qb6 8.
Bxf6 gxf6 9. Nb3 a6 10. O-O-O h5 11. f4 Bd7 12. Be2 O-O-O 13. Rhf1 Be7 14. Rf3
h4 15. Kb1 Kb8 16. Qe1 Rc8 17. Rh3 Nb4 18. Qd2 Qf2 19. Rf3 Qxg2 20. Qe3 Rhg8
21. Rf2 Qg6 22. Qb6 d5 23. f5 Qh6 24. exd5 exd5 25. a3 Rc6 26. Qd4 Rxc3 27.
Qxc3 Rc8 28. Qd2 Qxd2 29. Rxd2 Nc6 30. Rxd5 Ne5 31. Rd4 Rh8 32. h3 Kc7 33. Bd1
b5 34. Be2 Bd6 35. Ka2 a5 36. Rd1 Rg8 37. Nxa5 Rg3 38. Rd5 Rg5 39. Nb3 Bc6 40.
Rd4 Nd7 41. c4 Bg3 42. Rf1 bxc4 43. Bxc4 Ne5 44. Bd5 Bd7 45. Be4 Kd8 46. Nc5
Ke7 47. Nxd7 Nxd7 48. Rfd1 Ne5 49. Bc2 Bf2 50. Rd8 Rg1 51. R1d5 Bb6 52. Rb8 Nc4
53. Ba4 1-0

[Event "4. Open Stadium Casablanca"]
[Site "Zaragoza ESP"]
[Date "2010.12.29"]
[Round "7.4"]
[White "Paunovic, Dragan"]
[Black "Lopez Gracia, Fernando"]
[Result "1-0"]
[WhiteElo "2526"]
[BlackElo "2319"]
[PlyCount "102"]
[EventDate "2010.12.23"]
[EventRounds "9"]
[EventCountry "ESP"]
[Source "lmi"]
[SourceDate "2010.12.23"]

1. g3 Nf6 2. Bg2 d5 3. d3 c6 4. Nd2 e5 5. e4 Bd6 6. Ngf3 O-O 7. O-O Re8 8. Re1
Nbd7 9. b3 a5 10. a3 Qc7 11. Bb2 Nf8 12. d4 exd4 13. exd5 Rxe1+ 14. Qxe1 Nxd5
15. Nxd4 Bd7 16. Nc4 Bc5 17. Qd2 Nb6 18. Ne3 Be6 19. Nxe6 Nxe6 20. Nf5 Bf8 21.
Qe2 Rd8 22. Be5 Qd7 23. Bc3 Nd5 24. Bxa5 Ra8 25. Bd2 Rxa3 26. Rd1 Qc7 27. Bxd5
cxd5 28. Qd3 Ra2 29. c3 Rb2 30. Qxd5 Qc6 31. Qxc6 bxc6 32. b4 h5 33. Be3 Rb3
34. Rc1 g6 35. Nd4 Nxd4 36. cxd4 Rxb4 37. Rxc6 Bg7 38. Rc8+ Kh7 39. d5 Bd4 40.
d6 Bxe3 41. fxe3 Rb1+ 42. Kf2 Rd1 43. Rc6 f5 44. Ke2 Rd5 45. e4 fxe4 46. Ke3
Kg7 47. Kxe4 Rd2 48. Ke5 Re2+ 49. Kd5 Kf6 50. d7+ Ke7 51. Re6+ Rxe6 1-0

[Event "4. Open Stadium Casablanca"]
[Site "Zaragoza ESP"]
[Date "2010.12.29"]
[Round "7.5"]
[White "Adla, Diego"]
[Black "Chueca Forcen, Alberto"]
[Result "1-0"]
[WhiteElo "2511"]
[BlackElo "2304"]
[PlyCount "45"]
[EventDate "2010.12.23"]
[EventRounds "9"]
[EventCountry "ESP"]
[Source "lmi"]
[SourceDate "2010.12.23"]

1. e4 e5 2. Bc4 Nf6 3. d3 c6 4. Nf3 Be7 5. O-O d6 6. a4 Nbd7 7. Re1 O-O 8. c3
Re8 9. Bxf7+ Kh8 10. Ng5 Nf8 11. Bxe8 Qxe8 12. f4 h6 13. Nf3 Qh5 14. Qe2 Bd7
15. Qf2 exf4 16. Bxf4 g5 17. Bg3 Ng6 18. Nbd2 Kh7 19. e5 Ng4 20. Qe2 dxe5 21.
Nxe5 Bc5+ 22. d4 Re8 23. Nxg4 1-0

[Event "4. Open Stadium Casablanca"]
[Site "Zaragoza ESP"]
[Date "2010.12.29"]
[Round "7.6"]
[White "Castillo Sanjuan, Daniel"]
[Black "Gonzalez Perez, Arian"]
[Result "0-1"]
[WhiteElo "1944"]
[BlackElo "2435"]
[PlyCount "60"]
[EventDate "2010.12.23"]
[EventRounds "9"]
[EventCountry "ESP"]
[Source "lmi"]
[SourceDate "2010.12.23"]

1. e4 c5 2. Nf3 d6 3. d4 cxd4 4. Nxd4 Nf6 5. Nc3 g6 6. Be3 Bg7 7. f3 O-O 8. Bc4
Nc6 9. Qd2 Bd7 10. O-O-O Rb8 11. Nxc6 bxc6 12. Bxa7 Rb4 13. Bb3 Qc7 14. Be3 c5
15. e5 dxe5 16. Nd5 Nxd5 17. Qxd5 Rd4 18. Bxd4 exd4 19. a3 Be6 20. Qe4 c4 21.
Ba2 Rb8 22. g4 Qb6 23. b4 cxb3 24. Bb1 Qa5 25. Rd3 Qxa3+ 26. Kd2 Qb2 27. Qf4
Rc8 28. Rc1 Bc4 29. Qe4 Bxd3 30. Qxd3 Bh6+ 0-1

[Event "4. Open Stadium Casablanca"]
[Site "Zaragoza ESP"]
[Date "2010.12.29"]
[Round "7.7"]
[White "Estremera Panos, Sergio"]
[Black "Romon Poves, Raul"]
[Result "1-0"]
[WhiteElo "2352"]
[BlackElo "2283"]
[PlyCount "97"]
[EventDate "2010.12.23"]
[EventRounds "9"]
[EventCountry "ESP"]
[Source "lmi"]
[SourceDate "2010.12.23"]

1. c4 Nf6 2. Nc3 g6 3. e4 d6 4. d4 Bg7 5. Nf3 O-O 6. Be2 e5 7. d5 a5 8. Bg5 h6
9. Bh4 Na6 10. Nd2 Qe8 11. O-O Nh7 12. a3 Bd7 13. b3 h5 14. f3 Bh6 15. Rb1 Be3+
16. Bf2 Bxf2+ 17. Rxf2 Qe7 18. b4 axb4 19. axb4 h4 20. c5 dxc5 21. b5 Nb4 22.
Nc4 Nf6 23. f4 Na2 24. Nxa2 Rxa2 25. Bf3 Rxf2 26. Kxf2 exf4 27. e5 Nh7 28. b6
c6 29. dxc6 Bxc6 30. Bxc6 bxc6 31. b7 Rb8 32. Qg4 Qc7 33. Nd6 Qa5 34. Qc8+ Kg7
35. Kg1 Qa2 36. Rf1 Ng5 37. Qg4 Ne6 38. Qxh4 Nd4 39. Qf6+ Kg8 40. Kh1 f3 41.
gxf3 Qe6 42. Ra1 Qb3 43. e6 Nxe6 44. Qxf7+ Kh8 45. Qf6+ Kh7 46. Rg1 g5 47. Qf7+
Kh8 48. Rxg5 Qd1+ 49. Rg1 1-0

[Event "4. Open Stadium Casablanca"]
[Site "Zaragoza ESP"]
[Date "2010.12.29"]
[Round "7.8"]
[White "Antoli Royo, Joaquin Miguel"]
[Black "Guramishvili, Sopiko"]
[Result "1-0"]
[WhiteElo "2439"]
[BlackElo "2319"]
[PlyCount "87"]
[EventDate "2010.12.23"]
[EventRounds "9"]
[EventCountry "ESP"]
[Source "lmi"]
[SourceDate "2010.12.23"]

1. e4 c5 2. Nf3 Nf6 3. Nc3 d6 4. d4 cxd4 5. Nxd4 a6 6. Bc4 e6 7. Bb3 b5 8. O-O
Be7 9. Qf3 Qb6 10. Be3 Qb7 11. Qg3 O-O 12. f3 Nbd7 13. Nd5 Ne5 14. Nxe7+ Qxe7
15. Bg5 Ng6 16. Rad1 Bb7 17. Rfe1 Rfe8 18. c3 Rad8 19. a4 bxa4 20. Bxa4 Rf8 21.
Bb3 h6 22. Be3 Kh7 23. Qh3 Nd7 24. Bc2 Kg8 25. Qg3 Nf6 26. Bc1 Nh5 27. Qg4 Nf6
28. Qh3 Qc7 29. Kh1 Bc8 30. Qg3 Nh5 31. Qg4 Nf6 32. Qg3 Nh5 33. Qf2 Qb6 34. Qg1
Nhf4 35. Nb3 Qb8 36. Be3 e5 37. Bb6 Rd7 38. Na5 Nh4 39. Rd2 Nfxg2 40. Rxg2 Nxf3
41. Rxg7+ Kh8 42. Qe3 Ng5 43. Rxg5 hxg5 44. Qxg5 1-0

[Event "4. Open Stadium Casablanca"]
[Site "Zaragoza ESP"]
[Date "2010.12.29"]
[Round "7.9"]
[White "Delchev, Aleksander"]
[Black "Iagar, Razvan-Gabriel"]
[Result "1-0"]
[WhiteElo "2621"]
[BlackElo "2054"]
[PlyCount "29"]
[EventDate "2010.12.23"]
[EventRounds "9"]
[EventCountry "ESP"]
[Source "lmi"]
[SourceDate "2010.12.23"]

1. Nf3 f5 2. d3 Nf6 3. e4 d6 4. Nc3 g6 5. exf5 Bxf5 6. d4 Bg7 7. Bd3 Bxd3 8.
Qxd3 c6 9. Ne2 Na6 10. Nf4 Nc7 11. Qb3 Qc8 12. O-O d5 13. Re1 Ne4 14. c4 dxc4
15. Qe3 1-0

[Event "4. Open Stadium Casablanca"]
[Site "Zaragoza ESP"]
[Date "2010.12.29"]
[Round "7.10"]
[White "Castell Cantero, Salvador"]
[Black "Oms Pallisse, Josep"]
[Result "1/2-1/2"]
[WhiteElo "2055"]
[BlackElo "2528"]
[PlyCount "121"]
[EventDate "2010.12.23"]
[EventRounds "9"]
[EventCountry "ESP"]
[Source "lmi"]
[SourceDate "2010.12.23"]

1. d4 Nf6 2. Nf3 e6 3. c4 d5 4. cxd5 exd5 5. Bg5 c6 6. a3 Qb6 7. Qc2 Ne4 8. e3
Bf5 9. Bd3 Nxg5 10. Bxf5 Nxf3+ 11. gxf3 g6 12. Bd3 Nd7 13. Nc3 Nf6 14. O-O-O
O-O-O 15. Kb1 Kb8 16. Na4 Qc7 17. Qb3 Bd6 18. h3 Ka8 19. Nc3 Be7 20. Rc1 Qb6
21. Qc2 Bd6 22. Rhd1 Qc7 23. Qa4 Kb8 24. Rc2 Qd7 25. e4 Be7 26. Bf1 Rhe8 27. b4
dxe4 28. d5 Nxd5 29. Nxd5 Qe6 30. Ne3 Rxd1+ 31. Nxd1 exf3 32. Ne3 Bf6 33. Ng4
Bg7 34. b5 Qe1+ 35. Rc1 Qd2 36. Qb3 cxb5 37. Qc2 Qd6 38. Bxb5 Rd8 39. Ne3 Qb6
40. Ka2 Qe6+ 41. Bc4 Qe4 42. Rb1 Rd7 43. Ba6 Qe6+ 44. Bc4 Qc6 45. Rd1 Rxd1 46.
Qxd1 a6 47. Bd5 Qc3 48. Qb1 Qd2+ 49. Qc2 Qe2 50. Bc4 Qe1 51. Bxf7 Bd4 52. Nd1
Qe2 53. Kb1 Qe7 54. Qb3 Qe4+ 55. Kc1 Bc5 56. Kb2 Qd4+ 57. Ka2 Qd2+ 58. Kb1 Qd4
59. Ka2 Qd2+ 60. Kb1 Qd4 61. Ka2 1/2-1/2

[Event "4. Open Stadium Casablanca"]
[Site "Zaragoza ESP"]
[Date "2010.12.30"]
[Round "8.1"]
[White "Cifuentes Parada, Roberto"]
[Black "Forcen Esteban, Daniel"]
[Result "0-1"]
[WhiteElo "2508"]
[BlackElo "2367"]
[PlyCount "106"]
[EventDate "2010.12.23"]
[EventRounds "9"]
[EventCountry "ESP"]
[Source "lmi"]
[SourceDate "2010.12.23"]

1. d4 Nf6 2. Nf3 c5 3. e3 d5 4. c3 Nbd7 5. Bd3 g6 6. O-O Bg7 7. b4 b6 8. bxc5
bxc5 9. Qa4 O-O 10. Nbd2 Nb6 11. Qa5 cxd4 12. cxd4 Bf5 13. Bxf5 gxf5 14. Ba3
Ne4 15. Rac1 Qd7 16. Qb4 e6 17. Ne5 Bxe5 18. dxe5 Rfc8 19. Nxe4 dxe4 20. f3 Qd3
21. fxe4 Qxe4 22. Qxe4 fxe4 23. Be7 Nd5 24. Bg5 Kg7 25. Rcd1 h6 26. Bf6+ Kg6
27. Rd4 Nxe3 28. Rf4 Rc2 29. Rdxe4 Rxg2+ 30. Kh1 Re2 31. Rf1 Rc8 32. Rg1+ Kf5
33. Rh4 Rcc2 34. Rxh6 Ke4 35. Rh4+ Kd5 36. a4 Ng2 37. Rd1+ Rcd2 38. Rxd2+ Rxd2
39. Rb4 a5 40. Rg4 Ne1 41. Bh4 Nf3 42. Bg3 Nxe5 43. Rg7 f5 44. Ra7 Ke4 45. Bxe5
Kxe5 46. Rxa5+ Kf4 47. Rb5 e5 48. Kg1 e4 49. h4 e3 50. Kf1 Kg4 51. a5 f4 52.
Rb1 f3 53. a6 Ra2 0-1

[Event "4. Open Stadium Casablanca"]
[Site "Zaragoza ESP"]
[Date "2010.12.30"]
[Round "8.2"]
[White "Corrales Jimenez, Fidel"]
[Black "Kogan, Artur"]
[Result "0-1"]
[WhiteElo "2597"]
[BlackElo "2535"]
[PlyCount "51"]
[EventDate "2010.12.23"]
[EventRounds "9"]
[EventCountry "ESP"]
[Source "lmi"]
[SourceDate "2010.12.23"]

1. e4 c6 2. d4 d5 3. Nc3 dxe4 4. Nxe4 Bf5 5. Ng3 Bg6 6. h4 h6 7. Nf3 Nf6 8. h5
Bh7 9. Bd3 Bxd3 10. Qxd3 e6 11. Bd2 Nbd7 12. O-O-O Be7 13. Ne4 Nxe4 14. Qxe4
Nf6 15. Qd3 Qb6 16. Ne5 O-O 17. g4 Rad8 18. g5 hxg5 19. h6 Qxd4 20. Ng6 fxg6
21. Qxg6 Nh7 22. Qxe6+ Rf7 23. hxg7 Bf6 24. Qb3 Qb6 25. Qa3 Rfd7 26. Qf8+ 0-1

[Event "4. Open Stadium Casablanca"]
[Site "Zaragoza ESP"]
[Date "2010.12.30"]
[Round "8.3"]
[White "Korneev, Oleg"]
[Black "Antoli Royo, Joaquin Miguel"]
[Result "1-0"]
[WhiteElo "2582"]
[BlackElo "2439"]
[PlyCount "83"]
[EventDate "2010.12.23"]
[EventRounds "9"]
[EventCountry "ESP"]
[Source "lmi"]
[SourceDate "2010.12.23"]

1. e4 c5 2. c3 d5 3. exd5 Qxd5 4. d4 g6 5. Nf3 Bg7 6. Na3 cxd4 7. Nb5 Na6 8.
Nbxd4 Nf6 9. Bb5+ Bd7 10. Qe2 Bxb5 11. Qxb5+ Qxb5 12. Nxb5 Nd5 13. Ke2 O-O 14.
Rd1 Rfd8 15. Rb1 Nac7 16. Nxc7 Nxc7 17. Be3 Nd5 18. c4 Nxe3 19. fxe3 Kf8 20. b4
Ke8 21. c5 Rxd1 22. Rxd1 Bc3 23. Rb1 a5 24. bxa5 Rxa5 25. Rxb7 Rxc5 26. a4 Ra5
27. Kd3 Bf6 28. Rb4 Kd7 29. Rc4 Rd5+ 30. Ke2 Ra5 31. Nd2 Be5 32. Nb3 Ra8 33.
Nc5+ Kd6 34. g3 f5 35. Kd3 Ra7 36. a5 Kd5 37. Nb3 Rb7 38. Rc5+ Kd6 39. Kc4 e6
40. a6 Ra7 41. Kb5 Ra8 42. Na5 1-0

[Event "4. Open Stadium Casablanca"]
[Site "Zaragoza ESP"]
[Date "2010.12.30"]
[Round "8.4"]
[White "Gonzalez Perez, Arian"]
[Black "Paunovic, Dragan"]
[Result "1-0"]
[WhiteElo "2435"]
[BlackElo "2526"]
[PlyCount "83"]
[EventDate "2010.12.23"]
[EventRounds "9"]
[EventCountry "ESP"]
[Source "lmi"]
[SourceDate "2010.12.23"]

1. Nf3 Nf6 2. d4 g6 3. c4 Bg7 4. Nc3 d6 5. e4 O-O 6. Be2 c5 7. O-O Nc6 8. d5
Na5 9. a3 b6 10. Rb1 e5 11. b4 Nb7 12. Ne1 Ne8 13. Nd3 f5 14. Rb3 Nf6 15. exf5
gxf5 16. f4 e4 17. Ne1 Qe8 18. Nc2 Kh8 19. Nb5 Qf7 20. Rg3 a6 21. Nc3 Bd7 22.
Bb2 Rg8 23. Ne3 Ne8 24. Bh5 Qe7 25. Qb3 b5 26. Bxe8 bxc4 27. Nxc4 Bxe8 28. Rxg7
Rxg7 29. Ne3 Bd7 30. Ne2 Kg8 31. Ng3 Rxg3 32. hxg3 h6 33. g4 fxg4 34. f5 Qg5
35. Qc3 Kf7 36. Nxg4 cxb4 37. Qc7 Nc5 38. Qxd6 Qxg4 39. Qf6+ Kg8 40. Qh8+ Kf7
41. Qh7+ Kf8 42. f6 1-0

[Event "4. Open Stadium Casablanca"]
[Site "Zaragoza ESP"]
[Date "2010.12.30"]
[Round "8.6"]
[White "Matnadze, Ana"]
[Black "Delchev, Aleksander"]
[Result "0-1"]
[WhiteElo "2410"]
[BlackElo "2621"]
[PlyCount "84"]
[EventDate "2010.12.23"]
[EventRounds "9"]
[EventCountry "ESP"]
[Source "lmi"]
[SourceDate "2010.12.23"]

1. d4 Nf6 2. g3 g6 3. Bg2 d5 4. Nf3 Bg7 5. O-O O-O 6. c4 dxc4 7. Na3 c3 8. bxc3
c5 9. e3 Nc6 10. Qe2 Nd5 11. Bb2 Nb6 12. Rac1 Qd5 13. c4 Qh5 14. d5 Ne5 15.
Bxe5 Bxe5 16. h3 Bg7 17. g4 Qh6 18. Nh2 Na4 19. Nb1 Bd7 20. f4 Bb2 21. Rc2 Qg7
22. e4 b5 23. cxb5 Rab8 24. Rd1 Bxb5 25. Qf3 Bd4+ 26. Kh1 Nb2 27. Re1 Nd3 28.
Rd1 c4 29. Bf1 Ba4 30. Bxd3 cxd3 31. Qxd3 Bxc2 32. Qxc2 Be3 33. Rf1 Rfc8 34.
Qd3 Bxf4 35. Nf3 Qb2 36. Nbd2 Rc1 37. Kg2 Rxf1 38. Kxf1 Qxa2 39. Ke2 a5 40. e5
Rd8 41. e6 fxe6 42. Qe4 e5 0-1

[Event "4. Open Stadium Casablanca"]
[Site "Zaragoza ESP"]
[Date "2010.12.30"]
[Round "8.7"]
[White "Llanes Luno, Pedro Alfredo"]
[Black "Franco Ocampos, Zenon"]
[Result "0-1"]
[WhiteElo "2174"]
[BlackElo "2517"]
[PlyCount "38"]
[EventDate "2010.12.23"]
[EventRounds "9"]
[EventCountry "ESP"]
[Source "lmi"]
[SourceDate "2010.12.23"]

1. e4 c5 2. Nf3 e6 3. d4 cxd4 4. Nxd4 Nf6 5. Bd3 Nc6 6. Nxc6 bxc6 7. O-O e5 8.
Nc3 Bb4 9. Qe2 d6 10. Nd1 O-O 11. a3 Bc5 12. b4 Bg4 13. Qe1 Bb6 14. Ne3 Be6 15.
f3 d5 16. Kh1 dxe4 17. Bxe4 Nxe4 18. fxe4 Qd4 19. Nf5 Bxf5 0-1

[Event "4. Open Stadium Casablanca"]
[Site "Zaragoza ESP"]
[Date "2010.12.30"]
[Round "8.8"]
[White "Quintin Navarro, Alberto"]
[Black "Garza Marco, Sergio"]
[Result "1/2-1/2"]
[WhiteElo "2135"]
[BlackElo "2442"]
[PlyCount "111"]
[EventDate "2010.12.23"]
[EventRounds "9"]
[EventCountry "ESP"]
[Source "lmi"]
[SourceDate "2010.12.23"]

1. d4 Nf6 2. c4 c5 3. d5 e6 4. Nc3 exd5 5. cxd5 d6 6. Nf3 g6 7. Nd2 Bg7 8. e4
O-O 9. Be2 Re8 10. O-O Nbd7 11. a4 a6 12. f4 Rb8 13. Kh1 Nb6 14. a5 Na8 15. e5
dxe5 16. fxe5 Rxe5 17. Nc4 Re8 18. Bf4 Nc7 19. Bf3 Bd7 20. Qb3 Bb5 21. Bxc7
Qxc7 22. Nxb5 axb5 23. Qxb5 Bf8 24. Rac1 Ne4 25. Bxe4 Rxe4 26. Rce1 Rd4 27. Nb6
Rd8 28. b3 Kg7 29. Qe2 Bd6 30. h3 Bg3 31. Rd1 Qe5 32. Qf3 Rf4 33. Qd3 Rd4 34.
Qf3 Rf4 35. Qd3 Rxf1+ 36. Rxf1 Bh4 37. Rd1 Qg3 38. Qe4 Bf6 39. Rd3 Qe5 40. Qxe5
Bxe5 41. Kg1 Kf6 42. Kf2 Bd4+ 43. Ke2 Ke5 44. Rf3 f5 45. Kd3 Re8 46. g3 Kd6 47.
g4 Rf8 48. gxf5 gxf5 49. b4 f4 50. b5 Bg1 51. Kc4 Kc7 52. Na4 Kd6 53. Nb6 Kc7
54. Na4 Kd6 55. Nb6 Kc7 56. Na4 1/2-1/2

[Event "4. Open Stadium Casablanca"]
[Site "Zaragoza ESP"]
[Date "2010.12.30"]
[Round "8.9"]
[White "Chueca Forcen, Alberto"]
[Black "Fernandez Rubio, Rafael"]
[Result "0-1"]
[WhiteElo "2304"]
[BlackElo "2044"]
[PlyCount "82"]
[EventDate "2010.12.23"]
[EventRounds "9"]
[EventCountry "ESP"]
[Source "lmi"]
[SourceDate "2010.12.23"]

1. d4 d5 2. c4 c6 3. Nf3 Nf6 4. Nc3 e6 5. Bg5 h6 6. Bxf6 gxf6 7. e3 Rg8 8. cxd5
cxd5 9. g3 Nc6 10. Bg2 Bd7 11. O-O f5 12. Rc1 Be7 13. Ne2 Qb6 14. Qd2 O-O-O 15.
a3 Kb8 16. b4 a6 17. Nc3 Na7 18. Ne5 Be8 19. Rc2 f6 20. Nd3 Nb5 21. Ra1 Nxc3
22. Rxc3 Bb5 23. Nc5 e5 24. f4 h5 25. fxe5 fxe5 26. dxe5 h4 27. gxh4 Bxh4 28.
Rc2 d4 29. exd4 Bc6 30. Qc3 Bxg2 31. Rxg2 Rxg2+ 32. Kxg2 Qg6+ 33. Kf1 Rg8 34.
Qf3 Qg1+ 35. Ke2 Qxh2+ 36. Kd3 Rg3 37. Rf1 Qg2 38. Nd7+ Kc7 39. Rc1+ Kxd7 40.
e6+ Kxe6 41. d5+ Kd7 0-1